000 00426nab a2200145Ia 4500
003 ES-SlBCS
005 20210601124327.0
008 140529s1997 xxu||||| |||| 00| 0 eng d
041 _aeng
100 1 _aGötz, Ignacio L.
_9139174
245 0 0 _aSymbols and the Nature of Teaching
_c Ignacio L. Götz
650 0 4 _aEnseñanza
_990452
773 0 _tEducational Theory
_gvol. 47, nº. 1, 1997, págs. 67-83
_wRev1399
942 _cAR
999 _c513012
_d513012